000
00303nam a2200133Ia 4500
100
_a
Webster/John ed.
650
_a
General
942
_c
RB
654
_a
dictionary
245
_a
Websters new dictionary and thesaurus
260
_b
Promotional sales books
_c
1995
300
_a
789
546
_a
ENGLISH
999
_c
22791
_d
22791